Países que começam com a letra C - Statistics

Estatísticas Gerais
  • Esse quiz foi jogado 97 vezes
  • A pontuação média é 11 de 18
Estatísticas das Respostas
Hint Resposta % Correto
3. Croácia
91%
1. Canadá
86%
4. China
86%
12. Chile
84%
8. Colômbia
79%
9. Costa Rica
76%
17. Camarões
72%
13. Chipre
68%
10. Costa do Marfim
67%
11. Comores
64%
7. Coreia do Sul
64%
2. Cuba
64%
14. Chade
62%
6. Coreia do Norte
62%
15. Camboja
58%
18. Cabo Verde
45%
16. República Checa
16%
19. República Centro-Africana
2%
Nenhum quiz correspondente encontrado
Distribuição das Pontuações
Porcentagem de Pessoas com Cada Pontuação
Percentil de Números Respondidos
Sua Pontuação Histórica
Você não jogou esse quiz